Nobel prize winners in chemistry, 1901-1961 / (Record no. 9109)
[ view plain ]
| 000 -LEADER | |
|---|---|
| fixed length control field | 00902cam a22003011 4500 |
| 001 - CONTROL NUMBER | |
| control field | 9109 |
| 003 - CONTROL NUMBER IDENTIFIER | |
| rucl marc code | BD-RjUL |
| 005 - DATE AND TIME OF LATEST TRANSACTION | |
| control field | 20211208234722.0 |
| 008 - FIXED-LENGTH DATA ELEMENTS--GENERAL INFORMATION | |
| fixed length control field | 140120s1963 enka 000 0ceng |
| 035 ## - SYSTEM CONTROL NUMBER | |
| System control number | (BD-RjUL) 9154 |
| 040 ## - CATALOGING SOURCE | |
| Original cataloging agency | DLC/ICU |
| Transcribing agency | ICU |
| Modifying agency | DLC |
| -- | BD-RjUL |
| Language of cataloging | eng |
| 041 ## - LANGUAGE CODE | |
| Language code of text/sound track or separate title | eng |
| 082 00 - DEWEY DECIMAL CLASSIFICATION NUMBER | |
| Classification number | 540.79 |
| Edition number | 20 |
| Author mark and year | FAN 1963 |
| 100 1# - MAIN ENTRY--PERSONAL NAME | |
| Personal name | Farber, Eduard, |
| Dates associated with a name | 1892- |
| 9 (RLIN) | 28277 |
| 245 10 - TITLE STATEMENT | |
| Title | Nobel prize winners in chemistry, 1901-1961 / |
| Statement of responsibility, etc. | by Eduard Farber. |
| 250 ## - EDITION STATEMENT | |
| Edition statement | Rev. ed. |
| 260 ## - PUBLICATION, DISTRIBUTION, ETC. (IMPRINT) | |
| Place of publication, distribution, etc. | London, |
| -- | New York : |
| Name of publisher, distributor, etc. | Abelard-Schuman, |
| Date of publication, distribution, etc. | [1963] |
| 300 ## - PHYSICAL DESCRIPTION | |
| Pagination | vii, 341 p. : |
| Illustrations | illus. ; |
| Size | 23 cm. |
| 490 1# - SERIES STATEMENT | |
| Series statement | The Life of science library, |
| Volume/sequential designation | no. 41 |
| 650 #0 - SUBJECT ADDED ENTRY--TOPICAL TERM | |
| Topical term or geographic name as entry element | Chemists. |
| 9 (RLIN) | 28278 |
| Topical term or geographic name as entry element | Nobel Prizes. |
| 9 (RLIN) | 10828 |
| Topical term or geographic name as entry element | Nobel Prize winners. |
| 9 (RLIN) | 28279 |
| 830 #0 - SERIES ADDED ENTRY--UNIFORM TITLE | |
| Volume number/sequential designation | no. 41. |
| Uniform title | Life of science library ; |
| 942 ## - ADDED ENTRY ELEMENTS (KOHA) | |
| Source of classification or shelving scheme | Dewey Decimal Classification |
| Koha item type | Books |
| Lost status | Source of classification or shelving scheme | Damaged status | Not for loan | Collection code | Permanent Location | Current Location | Shelving location | Date acquired | Source of acquisition | Cost, normal purchase price | Total Checkouts | Full call number | Date last seen | Copy number | Koha item type |
|---|---|---|---|---|---|---|---|---|---|---|---|---|---|---|---|
| Dewey Decimal Classification | Not For Loan | Non-fiction | Central Library, University of Rajshahi | Central Library, University of Rajshahi | 22/04/1965 | Zeitlinger | 36.00 | 540.79 FAN 1963 | 20/01/2014 | C-1 | Books | ||||
| Dewey Decimal Classification | Non-fiction | Central Library, University of Rajshahi | Central Library, University of Rajshahi | 25/04/1965 | Zeitlinger | 36.00 | 540.79 FAN 1963 | 20/01/2014 | C-2 | Books |